Internet English : www-based communication activities /

Computers today. Surfing the web. Electronic mail. Famous people. Web cards. Study abroad. Eating out. Shopping spree. Watching movies. Vacation abroad. Cyber C@fes. Working abroad. News online...

Guardat en:
Dades bibliogràfiques
Autor principal: Gitsaki, Christina.
Altres autors: Taylor, Richard P.
Format: Llibre
Idioma:English
Publicat: New York : Oxford University Press, 1999.
Matèries:
Etiquetes: Afegir etiqueta
Sense etiquetes, Sigues el primer a etiquetar aquest registre!
Thư viện lưu trữ: Mạng thư viện Đại học Đà Nẵng
LEADER 01615nam a2200397 a 4500
001 000042033
003 7384
005 20190906152624.0
008 171030s1999
020 |a 019437226X 
040 |a LNN 
041 0 |a eng 
082 1 4 |a 428.00285  |b GI-C 
100 1 |a Gitsaki, Christina. 
245 1 0 |a Internet English :  |b www-based communication activities /  |c Christina Gitsaki, Richard P. Taylor. 
260 |a New York :  |b Oxford University Press,  |c 1999. 
300 |c 28 cm. 
520 3 |a Computers today. Surfing the web. Electronic mail. Famous people. Web cards. Study abroad. Eating out. Shopping spree. Watching movies. Vacation abroad. Cyber C@fes. Working abroad. News online... 
630 0 4 |a English language. 
630 0 4 |a Internet. 
630 0 4 |a International communication. 
630 0 4 |a Computer network. 
650 0 4 |a English language  |x Textbooks for foreign speakers. 
650 0 4 |a Internet (Computer network)  |x Problems, exercises, etc. 
650 0 4 |a World Wide Web (Information retrieval system)  |x Problems, exercises, etc. 
650 0 4 |a Communication, International  |x Problems, exercises, etc. 
700 1 |a Taylor, Richard P. 
OWN |a LNN 
AVA |a UDN50  |b LNN  |c English  |d 428 GI-C  |e available  |t Error 5001 Not defined in file expand_doc_bib_avail.  |f 1  |g 0  |h N  |i 0  |j AN  |k 1 
999 |a From the UDN01 
AVA |a UDN50  |b LNN  |c English  |d 428 GI-C  |e available  |t Error 5001 Not defined in file expand_doc_bib_avail.  |f 1  |g 0  |h N  |i 0  |j AN  |k 1 
TYP |a Monograph 
TYP |a Printed language 
980 |a Mạng thư viện Đại học Đà Nẵng